Házasság

Správa o sobáši humenského holiča Zoltána Töröka a Júlii (Juliska) Barna v Humennom 30. augusta 1908.

Podrobná bibliografia
Médium: Článok
Jazyk:Hungarian
Témy:
Zdroj: 1. Felvidéki Hirlap : Közgazdasági, társadalmi és szépirodalmi hetilap 1. Roč. 1, č. 25 (30.08.1908) s. 3
LEADER 00877nab#a2200301#ar4500
001 000072933
003 SVKKK
005 20030512xxxxxxx.
008 06 c xo huno
FMT
038 |a SVKKK 
040 |a SVKKK  |b slo  |e AACR2 
041 0 |a hun 
044 |a xo  |c SK 
080 |a 338.465 
242 1 0 |a Sobáš 
245 0 0 |a Házasság 
500 |a mikrofilm 
520 2 |a Správa o sobáši humenského holiča Zoltána Töröka a Júlii (Juliska) Barna v Humennom 30. augusta 1908. 
650 0 4 |a sobáše - Török, Zoltán (holič) - Barna, Júlia (nevesta) - Humenné - 30.08.1908 - správy 
773 0 |t Felvidéki Hirlap : Közgazdasági, társadalmi és szépirodalmi hetilap  |g Roč. 1, č. 25 (30.08.1908) s. 3 
957 |a Humenné 
958 |a DG 
958 |a SK 
974 |a Ba  |d 20030512 
992 |a RBX 
BAS
998 |a RETRO